00422 a2200121 4500001001000000005001700010008004100027245009000068100002000158700002400178700002200202773007600224ART_4481820260410162024.0260409a 10aTransferencias del sector público a la infancia y la vejez en el Uruguay, 1994-20061 aBucheli, Marisa1 aGonzález, Cecilia1 aOlivieri, Cecilia0 tNotas de poblacióng- Año XXXVII, Nº 90 (ene./jun. 2010)wREV41841